000 00282nam a2200121Ia 4500
005 20260328101510.0
008 260328s9999||||xx |||||||||||||| ||und||
100 _aHervé, Lucien
245 0 _aLe Corbusier /
_cLucien Hervé
260 _b----
650 _aCorbusier, Le
942 _cBK
999 _c9188
_d9188